Statistiken für Nidwalden: Gemeinden nach Einwohnerzahl

Klicken Sie hier um das Quiz zu spielen!

Allgemein

  • Dieses Quiz wurde 30 mal gespielt
  • Das Durchschnittsergebnis liegt bei 4 aus 5

Antwortstatistiken

EinwohnerzahlGemeinde% Korrekt
8171Stans
100%
5313Buochs
88%
5863Hergiswil (NW)
88%
4727Stansstad
82%
4866Ennetbürgen
65%

Verteilung der Resultate

Perzentil nach korrekt beantworteten Fragen

Anzahl Personen mit jedem Resultat

Ihre Resultats-Entwicklung

Sie haben dieses Quiz noch nicht gespielt